Prenos a ukladanie multimediálneho obsahu pre nástroj virtuálnej asistentky

Saved in:
Bibliographic Details
Main Author: Hrnčár, Jakub (Author)
Other Authors: Kunštár, Vladimír (Thesis advisor)
Format: Manuscript Book
Language:Slovak
Published: 2025
Subjects:
Online Access:http://is.stuba.sk/zp/portal_zp.pl?podrobnosti=183862
Tags: Add Tag
No Tags, Be the first to tag this record!

MARC

LEADER 00000ntm a22000003a 4500
001 stuzp105822
003 SK-STU
005 20250607211729.5
007 ta
008 150427s2015----xo-----f-mn---000-0-slo-d
040 |a STU  |b slo 
041 0 |a slo 
100 1 |a Hrnčár, Jakub  |u 070400  |4 aut  |U FIIT Fakulta informatiky a informačných technológií  |T FIIT Ústav počítačového inžinierstva a aplikovanej informatiky  |X 110800  |U I400  |Y 672  |7 110800 
242 0 1 |a Transfer and storage of multimedia content for the virtual assistant tool  |y eng 
245 1 0 |a Prenos a ukladanie multimediálneho obsahu pre nástroj virtuálnej asistentky 
260 |c 2025 
650 4 |a Ecological transport  |2 eng 
650 4 |a Microservices  |2 eng 
650 4 |a Funtoro  |2 eng 
650 4 |a Mikroslužby  |2 slo 
650 4 |a Ekologická doprava  |2 slo 
650 4 |a Funtoro  |2 slo 
700 1 |a Kunštár, Vladimír  |u 070400  |k Z8  |4 ths  |U FIIT Fakulta informatiky a informačných technológií  |T FIIT Ústav počítačového inžinierstva a aplikovanej informatiky  |X 64527  |U I400  |Y 672  |7 A000064527 
856 4 |u http://is.stuba.sk/zp/portal_zp.pl?podrobnosti=183862